Southville International School and Colleges
Your cart is empty.
  • Cart
  • Lists
    Public lists Eva Luna New books Lux_list list_1
    Your lists Log in to create your own lists
  • Log in to your account
  • Your cookies
  • Search history
Southville International School and Colleges
  • Advanced search
  • Recent comments
  • Most popular
  • Libraries

Log in to your account

Log in with GOOGLE


If you do not have an external account, but do have a local account, you can still log in:

  1. Home
  2. MARC view: Tuscany : past and present /
Normal view MARC view ISBD view

Tuscany : past and present / (Record no. 3874)

[ view plain ]
MARC details
000 -LEADER
fixed length control field 00686nam a22002057a 4500
003 - CONTROL NUMBER IDENTIFIER
control field OSt
005 - DATE AND TIME OF LATEST TRANSACTION
control field 20140310181809.0
008 - FIXED-LENGTH DATA ELEMENTS--GENERAL INFORMATION
fixed length control field 130705t xxu||||| |||| 00| 0 eng d
020 ## - INTERNATIONAL STANDARD BOOK NUMBER
International Standard Book Number 1855019140
050 ## - LIBRARY OF CONGRESS CALL NUMBER
Classification number DG 736
Item number .P766 1997
082 ## - DEWEY DECIMAL CLASSIFICATION NUMBER
Classification number HS 945
Item number Po75 1997
245 ## - TITLE STATEMENT
Title Tuscany : past and present /
Statement of responsibility, etc Costanza Poli ; translation by Neil Frazer Davenport.
260 ## - PUBLICATION, DISTRIBUTION, ETC. (IMPRINT)
Place of publication, distribution, etc England :
Name of publisher, distributor, etc Tiger Books International,
Date of publication, distribution, etc 1997.
300 ## - PHYSICAL DESCRIPTION
Extent 135 p.,
Other physical details ill.(col.)
Dimensions 32 cm.
520 ## - SUMMARY, ETC.
Summary, etc 1. Tuscany (Italy)--History 2. Tuscany (Italy)--Description and travel 3. Davenport, Neil Frazer
521 ## - TARGET AUDIENCE NOTE
Target audience note
541 ## - IMMEDIATE SOURCE OF ACQUISITION NOTE
-- 1
562 ## - COPY AND VERSION IDENTIFICATION NOTE
Number of copies 1
942 ## - ADDED ENTRY ELEMENTS (KOHA)
Source of classification or shelving scheme Library of Congress Classification
Koha item type
Call number prefix
Holdings
Withdrawn status Lost status Source of classification or shelving scheme Damaged status Home library Current library Shelving location Date acquired Total Checkouts Full call number Barcode Date last seen Copy number Price effective from Koha item type
    Library of Congress Classification   Luxembourg Library Luxembourg Library High School Section 07/05/2013   DG 736 .P766 1997 9348 08/14/2014 1 07/05/2013 Books

Tuscany : past and present /

APA

(1997). Tuscany : past and present. England: Tiger Books International.

Chicago

1997. Tuscany : past and present. England: Tiger Books International.

Harvard

(1997). Tuscany : past and present. England: Tiger Books International.

MLA

Tuscany : past and present. England: Tiger Books International. 1997.

  • Place hold
  • Print
  • Cite
  • Add to your cart (remove)
  • Save record
    BIBTEX Dublin Core MARCXML MARC (non-Unicode/MARC-8) MARC (Unicode/UTF-8) MARC (Unicode/UTF-8, Standard) MODS (XML) RIS
  • More searches
    Search for this title in:
    Other Libraries (WorldCat) Other Databases (Google Scholar) Online Stores (Bookfinder.com) Open Library (openlibrary.org)

Exporting to Dublin Core...

SOUTHVILLE LIBRARY

Southville International School and Colleges Library

1281 Tropical Ave. Cor. Luxembourg St., BF Homes International, Las Pinas City

Tel. No. 8256374 / 252358 Loc. 117/146

Powered by Koha